The church speaks to the modern world The social teachings of Leo XIII

محفوظ في:
التفاصيل البيبلوغرافية
المؤلف الرئيسي: Gilson, Etienne
التنسيق: كتاب
اللغة:الإنجليزية
منشور في: Image Books. 1957.
الطبعة:4ª ed.
الموضوعات:
الوسوم: إضافة وسم
لا توجد وسوم, كن أول من يضع وسما على هذه التسجيلة!

MARC

LEADER 00000nam a22000005a 4500
001 11615
003 CL-ChBUA
005 20120815103340.0
008 070301s1957 xxu 000 0 eng
040 |a CL-ChBUA  |c CL-ChBUA 
082 0 0 |a 261 
090 |c 11615  |d 11615 
100 1 |a Gilson, Etienne. 
245 1 0 |a The church speaks to the modern world The social teachings of Leo XIII 
250 |a 4ª ed. 
260 |b Image Books.  |c 1957. 
300 |a 348 p.  |c 17 cm. 
504 |a Indice. 
650 4 |a TEOLOGIA SOCIAL. 
942 |c LIB 
952 |0 0  |1 0  |4 0  |7 0  |9 16710  |a UNACH  |b UNACH  |c 200  |d 2007-03-05  |i 4.944.  |l 0  |o 261 / Ch 561.  |p 17709  |r 2012-12-27 00:00:00  |u 16710  |w 2012-08-08  |y LIB  |k 261 / Ch 561. 
999 |c 11615  |d 11615